The Holy Bible containing the Old and New Testaments: (Record no. 6884)

MARC details
000 -LEADER
fixed length control field 00633nam a22001817a 4500
003 - CONTROL NUMBER IDENTIFIER
control field GBCCL
005 - DATE AND TIME OF LATEST TRANSACTION
control field 20251127113627.0
008 - FIXED-LENGTH DATA ELEMENTS--GENERAL INFORMATION
fixed length control field 180702b ||||| |||| 00| 0 eng d
040 ## - CATALOGING SOURCE
Transcribing agency gbc
082 ## - DEWEY DECIMAL CLASSIFICATION NUMBER
Classification number 220.5203
Item number BIB
245 ## - TITLE STATEMENT
Title The Holy Bible containing the Old and New Testaments:
Remainder of title translated out of the original tongues and with the former translations diligently compared ; commonly known as the authorized King James version
250 ## - EDITION STATEMENT
Edition statement King James Version
250 ## - EDITION STATEMENT
Edition statement 1972 ed
260 ## - PUBLICATION, DISTRIBUTION, ETC.
Name of publisher, distributor, etc. Gideons International,
Place of publication, distribution, etc. Nashville:
Date of publication, distribution, etc. 1972
300 ## - PHYSICAL DESCRIPTION
Extent 1108 p.;
Dimensions 20 cm.
650 ## - SUBJECT ADDED ENTRY--TOPICAL TERM
Topical term or geographic name entry element Bible
General subdivision English
9 (RLIN) 12272
942 ## - ADDED ENTRY ELEMENTS (KOHA)
Source of classification or shelving scheme Dewey Decimal Classification
Koha item type Reference Books
Holdings
Withdrawn status Lost status Source of classification or shelving scheme Damaged status Not for loan Home library Current Library Shelving location Date acquired Total checkouts Full call number Barcode Date last seen Copy number Price effective from Koha item type
    Dewey Decimal Classification     GRACE BIBLE COLLEGE GRACE BIBLE COLLEGE Bible 2018-07-02   220.5203 BIB 000413 2025-05-01 c.1 2018-07-02 Reference Books
    Dewey Decimal Classification     GRACE BIBLE COLLEGE GRACE BIBLE COLLEGE Bible 2025-11-27   220.5203 BIB 004106 2025-11-27 c.2 2025-11-27 Reference Books
© Grace Bible College Library 2025